[Event "Nizhnij Novgorod Region-ch op"]
[Site "Nizhnij Novgorod"]
[Date "2008.10.??"]
[Round "5"]
[White "Svetlov, Dmitry"]
[Black "Orlov, Alexander N"]
[Result "1-0"]
[WhiteElo "2327"]
[BlackElo "2118"]
[PlyCount "73"]
[EventDate "2008.10.04"]
[EventType "swiss"]
[EventRounds "9"]
[EventCountry "RUS"]
[SourceTitle "EXT 2022"]
[Source "ChessBase"]
[SourceDate "2021.10.06"]
[SourceVersion "1"]
[SourceVersionDate "2021.10.06"]
[SourceQuality "1"]

1. d4 Nf6 2. Nf3 e6 3. c4 Nc6 4. Nc3 Bb4 5. Qc2 d6 6. Bd2 Qe7 7. d5 Bxc3 8. Bxc3 exd5 9. cxd5 Ne5 10. 0-0-0 0-0 11. e3 c6 12. dxc6 bxc6 13. Nd4 Nd5 14. Nxc6 Nxc6 15. Rxd5 Be6 16. Rd2 Rfc8 17. Qa4 a5 18. Bc4 Bxc4 19. Qxc4 Nb4 20. Qb3 Rab8 21. Kb1 Qe4+ 22. Ka1 Qxg2 23. Qd1 Qc6 24. Rg1 g6 25. Rg5 a4 26. a3 Na6 27. Rxd6 Qc4 28. Rg4 Qb5 29. Qd4 Rxc3 30. Rd8+ Rxd8 31. Qxd8+ Kg7 32. Qd4+ f6 33. Qxc3 Nc5 34. Ka2 Nd7 35. Rb4 Qd5+ 36. Qc4 Qf5 37. Rb7 1-0

[Event "Nizhnij Novgorod Dubinin Memorial 15th"]
[Site "Nizhnij Novgorod"]
[Date "2008.01.??"]
[Round "?"]
[White "Obrezchikov, Mikhail"]
[Black "Orlov, Alexander N"]
[Result "1/2-1/2"]
[WhiteElo "1998"]
[BlackElo "2144"]
[PlyCount "84"]
[EventDate "2008.01.??"]
[EventType "swiss"]
[EventRounds "9"]
[EventCountry "RUS"]
[SourceTitle "CBM 122 Extra"]
[Source "ChessBase"]
[SourceDate "2008.03.04"]
[SourceVersion "1"]
[SourceVersionDate "2008.03.04"]
[SourceQuality "1"]

1. d4 Nf6 2. c4 c5 3. d5 e6 4. Nc3 exd5 5. Nxd5 Nxd5 6. Qxd5 Be7 7. Nf3 0-0 8. e3 Nc6 9. Be2 d6 10. 0-0 Be6 11. Qd2 d5 12. cxd5 Qxd5 13. Rd1 Qxd2 14. Bxd2 Rfd8 15. Bc3 a6 16. b3 f6 17. Nd2 Rac8 18. Ne4 f5 19. Nd2 Kf7 20. Nc4 b5 21. Ne5+ Nxe5 22. Bxe5 Rxd1+ 23. Rxd1 c4 24. bxc4 Bxc4 25. Bxc4+ Rxc4 26. Kf1 Rc2 27. Ra1 Ba3 28. h3 g6 29. g4 Ke6 30. Bg7 b4 31. Kg2 a5 32. gxf5+ gxf5 33. Kg3 Bb2 34. Bxb2 Rxb2 35. h4 a4 36. f3 Kd5 37. Kf4 Kc4 38. Kxf5 a3 39. e4 Rc2 40. e5 Kc3 41. Re1 Kb2 42. Re4 b3 1/2-1/2

[Event "Nizhnij Novgorod Dubinin Memorial 15th"]
[Site "Nizhnij Novgorod"]
[Date "2008.01.??"]
[Round "?"]
[White "Orlov, Alexander N"]
[Black "Baryshev, Sergey"]
[Result "1-0"]
[WhiteElo "2144"]
[BlackElo "1881"]
[PlyCount "81"]
[EventDate "2008.01.??"]
[EventType "swiss"]
[EventRounds "9"]
[EventCountry "RUS"]
[SourceTitle "CBM 122 Extra"]
[Source "ChessBase"]
[SourceDate "2008.03.04"]
[SourceVersion "1"]
[SourceVersionDate "2008.03.04"]
[SourceQuality "1"]

1. e4 e5 2. Nf3 Nc6 3. Bb5 d6 4. 0-0 a6 5. Bxc6+ bxc6 6. d4 f6 7. Be3 Bg4 8. h3 Bh5 9. Nbd2 Ne7 10. c3 h6 11. Qa4 Qd7 12. Nh2 Be2 13. Rfe1 Bb5 14. Qc2 a5 15. f4 exf4 16. Bxf4 g5 17. Bg3 Kd8 18. c4 Ba6 19. Ng4 Bg7 20. Ne3 f5 21. Nxf5 Nxf5 22. exf5 Bxd4+ 23. Bf2 Bxf2+ 24. Kxf2 Rf8 25. g4 h5 26. Nf3 hxg4 27. hxg4 Qg7 28. Rad1 Rb8 29. b3 a4 30. Nd4 Kd7 31. Ne6 Rh8 32. Kg2 axb3 33. axb3 Qh6 34. Nc5+ Kc8 35. Rh1 Qf6 36. Rxh8+ Qxh8 37. Nxa6 Rb6 38. c5 Rxa6 39. cxd6 Kd7 40. Qe2 cxd6 41. Qxa6 1-0

[Event "Nizhnij Novgorod Dubinin Memorial 15th"]
[Site "Nizhnij Novgorod"]
[Date "2008.01.??"]
[Round "?"]
[White "Orlov, Alexander N"]
[Black "Shulakova, Svetlana"]
[Result "1-0"]
[WhiteElo "2144"]
[BlackElo "2190"]
[PlyCount "117"]
[EventDate "2008.01.??"]
[EventType "swiss"]
[EventRounds "9"]
[EventCountry "RUS"]
[SourceTitle "CBM 122 Extra"]
[Source "ChessBase"]
[SourceDate "2008.03.04"]
[SourceVersion "1"]
[SourceVersionDate "2008.03.04"]
[SourceQuality "1"]

1. e4 c5 2. Nf3 e6 3. d3 Nc6 4. g3 d5 5. Qe2 Nf6 6. Bg2 Be7 7. 0-0 0-0 8. e5 Nd7 9. c4 f6 10. exf6 Nxf6 11. Bf4 Bd6 12. Bxd6 Qxd6 13. Nc3 a6 14. Rad1 Nd4 15. Nxd4 cxd4 16. Nb1 dxc4 17. dxc4 e5 18. Nd2 Bg4 19. Bf3 Bxf3 20. Qxf3 b6 21. Ne4 Qc6 22. Nxf6+ Rxf6 23. Qxc6 Rxc6 24. Rfe1 Rxc4 25. Rxe5 Rd8 26. Re2 d3 27. Red2 Rcd4 28. f3 R4d5 29. Kf2 g5 30. Ke3 Re8+ 31. Kf2 Rde5 32. Rxd3 Re2+ 33. Kf1 Rxb2 34. R3d2 Rxd2 35. Rxd2 Kf7 36. Kf2 Kf6 37. g4 b5 38. Rd5 Re5 39. Rd6+ Re6 40. Rd5 h6 41. h3 Ke7 42. Rd3 b4 43. a3 a5 44. axb4 axb4 45. Rb3 Rb6 46. Ke3 Kd6 47. f4 Kd5 48. f5 Kc4 49. Rb1 b3 50. Ke4 b2 51. Ke5 Kc3 52. f6 Kc2 53. Rxb2+ Rxb2 54. f7 Rb8 55. Kf6 Kd3 56. Kg7 Ke4 57. f8Q Rb6 58. Qf5+ Kd4 59. Qf2+ 1-0

[Event "Nizhnij Novgorod Dubinin Memorial 15th"]
[Site "Nizhnij Novgorod"]
[Date "2008.01.??"]
[Round "?"]
[White "Rozkov, Nikolai"]
[Black "Orlov, Alexander N"]
[Result "1-0"]
[WhiteElo "2456"]
[BlackElo "2144"]
[PlyCount "85"]
[EventDate "2008.01.??"]
[EventType "swiss"]
[EventRounds "9"]
[EventCountry "RUS"]
[SourceTitle "CBM 122 Extra"]
[Source "ChessBase"]
[SourceDate "2008.03.04"]
[SourceVersion "1"]
[SourceVersionDate "2008.03.04"]
[SourceQuality "1"]

1. e4 c5 2. Nf3 Nc6 3. Bb5 d6 4. 0-0 Bd7 5. Re1 Nf6 6. h3 Ne5 7. Bxd7+ Nfxd7 8. Nxe5 dxe5 9. d3 g6 10. a3 Bg7 11. b4 0-0 12. Be3 Qc8 13. Nd2 Rd8 14. Qb1 Bf8 15. Qb2 e6 16. Reb1 b6 17. b5 Qc7 18. Nc4 Be7 19. a4 Rab8 20. a5 Bf6 21. Ra3 Rb7 22. Bd2 Be7 23. Bc3 f6 24. Rba1 Kf7 25. Qa2 h5 26. Kf1 g5 27. Ra4 Rc8 28. Ke2 Qd8 29. g3 Qg8 30. Ne3 Rcb8 31. axb6 axb6 32. Ra7 Qc8 33. Nc4 Qc7 34. Rxb7 Rxb7 35. Qa8 Qb8 36. Qa6 Nf8 37. Ra2 Nd7 38. Qa3 Nf8 39. Qb2 Ng6 40. Qa1 h4 41. Ra8 Qc7 42. Qa6 Bf8 43. Ba5 1-0